| 000 | 00661nam a2200217 a 4500 | ||
|---|---|---|---|
| 001 | 000042859 | ||
| 005 | 20201002040442.0 | ||
| 008 | 140211s2001 sp 000 0 spa d | ||
| 020 | _a846630486X | ||
| 040 |
_aDO-SdBNP _bspa _cBNPHU |
||
| 041 | 1 | 7 |
_aspa _heng |
| 082 |
_axxx _bxxx |
||
| 100 | 1 |
_aRussell, Martin, _d1952- _970254 |
|
| 240 | 1 | 0 |
_aBeethoven's Hair _lEspañol |
| 245 | 1 | 3 |
_aEl cabello de Beethoven / _cRussell Martin ; traducción de Josefina Ruiz. |
| 260 |
_aMadrid : _bEdiciones B, _c2001. |
||
| 300 |
_a377 p. ; _c23 cm. |
||
| 490 | 1 |
_aPunto de lectura _v238/1 |
|
| 700 | 1 | 2 |
_aJosefina Ruiz _etr. _970255 |
| 830 | 0 |
_aPunto de lectura _n238/1 _970256 |
|
| 999 |
_c42348 _d42348 |
||